| 000 | 00377nam a2200145 a 4500 | ||
|---|---|---|---|
| 005 | 20140414093826.0 | ||
| 008 | 090511s19uu xx 00 eng d | ||
| 020 | _a978-7-88703-508-0 | ||
| 050 |
_aCDB 495.18 _bYAM 2007 |
||
| 100 | _aYamin Ma | ||
| 245 |
_aEasy steps to Chinese 4 : _btextbook / _cYamin Ma. |
||
| 650 | _aChinese language. | ||
| 942 | _cAVM | ||
| 999 |
_c108467 _d108467 |
||